000 00698nam a2200169 a 4500
001 000029380
005 20240226144733.0
008 110415s1982 dr 000 0 spa d
040 _aDO-SdBNP
_bspa
_cBNPHU
082 _axxx
_bJ82d
100 1 _aJorge Blanco, Salvador,
_d1926-2010
_930551
245 1 0 _aDiscurso de orden pronunciado en la decimoseptima promoción de bachilleres agricolas, 1o de agosto de 1982 /
_cSalvador Jorge Blanco ; con una presentación a cargo del Lic. Victor M. Espaillat Mera.
260 _aSanto Domingo :
_bInstituto Superior de Agricultura,
_bEditora Taller,
_c1982.
300 _a38 p.
_a20 cm.
700 1 _aVictor M. Espaillat Mera, Victor M.
_956260
049 _aBNPD
999 _c28872
_d28872